000 00943nam1a22003011i 4500
001 v19\rc\1837321
005 20260407121947.0
035 _a(NLR Aleph) 004931566
090 _a5685349
_c5685349
100 _a20071224d1908 |||a0rusy50 ca
101 0 _arus
102 _aRU
105 _a z |||||
200 1 _aНаставление для обучения стрельбе
_eЧ. 1
210 _aСанкт-Петербург
_cВ. Березовский
_d1908
215 _d14
740 1 _aРоссия
_tВоенные уставы и наставления
_3RU\NLR\AUTH\889957977
_9412039
801 0 _aRU
_bNLR
_gpsbo
801 0 _aRU
_bRuMoRGB
_2psbo
801 1 _aRU
_bProSoft-M
_2rusmarc
852 _aNLR
_j18.178.6.78
852 _aNLR
_j+Шифры разные
899 _aRuMoRGB
_jU 53/545
899 _aRuMoRGB
_jU 53/374
899 _aRuMoRGB
_jΔ 88/55
899 _aRuMoRGB
_jΔ 128/119
899 _aБАН
942 _cBOOK